| 000 | 00727nmc a2200277 a 4500 | ||
|---|---|---|---|
| 003 | AR-BaBNM | ||
| 005 | 20251128211607.0 | ||
| 008 | 154120s2000 ||||||||||||||000 | spa|| | ||
| 020 | _a950-739-826-0 | ||
| 040 | _cAR-BaBNM | ||
| 100 | 1 | _aFlorentino, Silvia | |
| 245 | 1 | 0 | _aLas leyendas no son cuentos |
| 260 |
_aBuenos Aires _bErrepar _c2000 |
||
| 300 |
_a111 p. _bil. |
||
| 490 | 0 |
_aLos chicos de la valija _vv. 11 |
|
| 500 | _aA partir de 7 aƱos | ||
| 650 | 4 | _aLIBROS PARA NINOS | |
| 650 | 4 | _aLITERATURA INFANTIL | |
| 650 | 4 | _aCUENTOS DE ANIMALES | |
| 650 | 4 | _aCUENTOS DE AVENTURAS | |
| 650 | 4 | _aLEYENDAS | |
| 655 | _aLITERATURA | ||
| 700 | 1 |
_aLato, Horacio _eilustrador |
|
| 942 | _cBK | ||
| 998 | _cEugenia | ||
| 999 |
_c20346 _d20346 |
||